01527dam#a2200241 45000010014000000030004000140050017000180060019000350070015000540080041000690200018001100400018001281000048001462450118001942500018003122600013003302640048003433000022003913360026004133370026004395200769004658560051012349786071521279VST20250425090631.0m o d cr#un#---uucau230907s2023 MEX d a9786071521279 aVSTcVSTdVST1 aIdalberto Chiavenato, Arão Sapiroeauthor10aPlaneación estratégica. De la intención de los resultados en la administración estratégica, 5th Edition afifth edition aMexico : 1aMexico :bMcGraw-Hill Interamericana,c2023 a1 online resource atextbtxt2rdacontent acomputerbc2rdamedia aCada día, las organizaciones afrontan fuertes desafíos y presiones competitivas en sus mercados y eso las obliga a mantenerse en un proceso ágil y continuo de alerta, visión, fl exibilidad, adaptación y ajuste a las condiciones cambiantes de su entorno para mantener su competitividad y sustentabilidad. Así, las organizaciones exitosas son las que se adaptan con rapidez y continuamente al proceso intenso de cambios y disrupciones en el mundo que las rodea. Es más, su éxito es mucho mayor si consiguen anticiparse de manera proactiva, ágil y competitiva a esos cambios inesperados y si pueden ofrecer la innovación necesaria para mejorar el nivel de vida de la sociedad. Pero, ¿cómo logran esa proeza? ¡Con la planeación estratégica!40uhttps://resolver.vitalsource.com/9786071521279